000 01121nam a2200253Ia 4500
003 OSt
005 20220923213906.0
006 a|||||r|||| 00| 0
007 ta
008 220922b |||||||| |||| 00| 0 hin d
024 _a165,461
037 _cTextual
040 _aARTS
_cARTS
_bhin
041 _2hin
_ahin
082 _aO152,1xN, K7
100 _aसुधांशु, लक्ष्मी नारायण, संपा.
_9163181
245 0 _aहिंदी के दस प्रबंध काव्य
_b हिंदी के दस प्रबंधकाव्यों के गद्य-पद्यमय संक्षिपत रूप
246 _aHiandī ke das prabandha kāvya: hiandī ke das prabandhakāvyoan ke gadya-padyamaya sankṣpunat rūpa
260 _aपटना
_b पराग प्रकाशन
_c1967
300 _a359पृ.
_ccm.
650 _aहिन्दी साहित्य
_9156264
942 _hO152,1xN, K7
_cTEXL
_2CC
999 _c319940
_d319940